000 00644nam a2200253 i 4500
001 95770
003 ES-MaBCM
005 20241016130245.0
008 040225s2003 fra 000 0 fre d
020 _a2-84398-133-6
021 _axx
035 _a(OCoLC)1365181809
040 _cES-MaBCM
041 0 _afre
043 _afra
100 1 _aGuéguen, Daniel
_920579
245 1 0 _aGuide pratique du labyrinthe communautaire
_cDaniel Guéguen
260 _aRennes :
_bApogée,
_c2003
300 _a111 p.
_c23 cm
440 0 _aSésame pour l'Europe
_9103202
650 2 4 _aUnión Europea
_952895
655 4 _aGuía
_9115452
942 _cBK
999 _c95770
_d95770